| 000 | 00997cam a2200253 a 4500 | ||
|---|---|---|---|
| 001 | 12986881 | ||
| 005 | 20241031122001.0 | ||
| 008 | 021030s2004 cauab 001 0 eng | ||
| 020 | _a0534400590 | ||
| 050 | 0 | 0 |
_aQA37.2 _b.J64 2004 |
| 082 | 0 | 0 |
_a510 _222 |
| 100 | 1 |
_aJohnson, David B. _q(David Bruce), _d1949- |
|
| 245 | 1 | 0 |
_aMathematics : _ba practical odyssey / _cDavid B. Johnson, Thomas A. Mowry. |
| 250 | _a5th ed. | ||
| 260 |
_aBelmont, CA : _bThomson-Brooks/Cole, _cc2004. |
||
| 300 |
_axviii, 796, 80, 9 p. : _bill. (some col.), maps ; _c26 cm. |
||
| 500 | _aIncludes index. | ||
| 650 | 0 | _aMathematics. | |
| 700 | 1 | _aMowry, Thomas A. | |
| 856 | 4 | 2 |
_3Contributor biographical information _uhttp://www.loc.gov/catdir/enhancements/fy1103/2002115284-b.html |
| 856 | 4 | 2 |
_3Publisher description _uhttp://www.loc.gov/catdir/enhancements/fy1103/2002115284-d.html |
| 856 | 4 | 1 |
_3Table of contents only _uhttp://www.loc.gov/catdir/enhancements/fy1103/2002115284-t.html |
| 942 |
_2lcc _cBK _e5th Ed. _n0 |
||
| 999 |
_c448 _d448 |
||